[Event "San Francisco TNM Winter op"]
[Site "San Francisco"]
[Date "2013.01.29"]
[Round "4"]
[White "Murugappan, Ganesh M"]
[Black "Delmonico, Nils"]
[Result "1/2-1/2"]
[WhiteElo "1660"]
[BlackElo "1922"]
[PlyCount "104"]
[EventDate "2013.01.08"]
[EventType "swiss"]
[EventRounds "8"]
[EventCountry "USA"]
[SourceTitle "EXT 2016"]
[Source "ChessBase"]
[SourceDate "2015.10.08"]
[SourceVersion "1"]
[SourceVersionDate "2015.10.08"]
[SourceQuality "1"]

1. e4 e6 2. d4 d5 3. Nc3 Nf6 4. e5 Nfd7 5. f4 c5 6. Be3 Nc6 7. Nf3 Be7 8. Qd2 0-0 9. Be2 a6 10. 0-0 b5 11. a3 Qc7 12. Qe1 f6 13. exf6 Bxf6 14. Rd1 cxd4 15. Bxd4 Nxd4 16. Nxd4 Qb6 17. Qf2 Be7 18. f5 Bc5 19. b4 Bxd4 20. Qxd4 Qxd4+ 21. Rxd4 Nf6 22. Bf3 Bd7 23. fxe6 Bxe6 24. Nxd5 Nxd5 25. Bxd5 Rxf1+ 26. Kxf1 Bxd5 27. Rxd5 Rc8 28. Rd6 Rxc2 29. Rxa6 Ra2 30. Ra5 Kf7 31. Rxb5 Rxa3 32. Ke2 Ra2+ 33. Kf3 Rb2 34. Rb6 Ke7 35. h3 h5 36. g3 Rb3+ 37. Kf4 h4 38. gxh4 Rxh3 39. Kg4 Rb3 40. Kg5 Rg3+ 41. Kf5 Rf3+ 42. Kg4 Rb3 43. h5 Rb1 44. Kf5 Rf1+ 45. Kg6 Rg1+ 46. Kh7 Rg5 47. h6 gxh6 48. Kxh6 Rg1 49. b5 Kd7 50. Rc6 Rb1 51. Rc5 Kd6 52. Rc6+ Kd7 1/2-1/2